Řízení výkonu

Problematika riadenia a vedenia pracovníkov a riadenia ich pracovného výkonu. Štyri fázy procesu riadenia výkonu a rozvoja. Prínosy štandardizovaného procesu riadenia výkonu. Plán výkonu a rozvoja.

Gespeichert in:
Bibliographische Detailangaben
1. Verfasser: Holá, Jana
Format: Buchkapitel
Sprache:Tschechisch
Schlagworte:
Tags: Tag hinzufügen
Keine Tags, Fügen Sie das erste Tag hinzu!

MARC

LEADER 00000naa$a2200000$$$4500
001 0094930
005 20231129100346.7
041 0 |a cze 
044 |a CZ 
245 1 0 |a Řízení výkonu  |c Jana Holá 
520 |a Problematika riadenia a vedenia pracovníkov a riadenia ich pracovného výkonu. Štyri fázy procesu riadenia výkonu a rozvoja. Prínosy štandardizovaného procesu riadenia výkonu. Plán výkonu a rozvoja. 
610 2 0 |a riadenie ľudských zdrojov 
610 2 0 |a riadenie podnikové 
610 2 0 |a plán 
610 2 0 |a plánovanie 
610 2 0 |a výkony pracovné 
610 2 0 |a rozvoj pracovníkov 
610 2 0 |a výkonnosť 
610 2 0 |a pracovníci 
100 1 |a Holá, Jana